000 00881cam a22002771 4500
001 21884
003 BD-RjUL
005 20211209000736.0
008 140305r19551953xx 001 0 eng
035 _a(BD-RjUL)21949
035 _a(OCoLC)2626167
040 _aDLC
_cOTU
_dBD-RjUL
_beng
041 _aeng
082 0 0 _a808
_bGOM 1955
100 1 _aGorrell, Robert M
_967570
245 1 0 _aModern English handbook /
_cRobert M. Gorrell and Charlton Laird.
260 _aNew York :
_bPrentice-Hall,
_cc1953 [Printing 1955].
300 _axx, 606 p. :
_billus. ;
_c22 cm.
490 0 _aPrentice-Hall English composition and introduction to literature series
504 _aIncludes index.
650 0 _aEnglish language
_xRhetoric.
_967571
700 1 _aLaird, Charlton Grant,
_d1901-
_ejoint author.
_967572
942 _2ddc
_cBK
999 _c21884
_d21884